000 00643nam a2200265Ia 4500
005 20260324153445.0
008 008 260324s9999 xx 000 0 eng d
020 _a9780323909075
037 _aEBOOK
040 _aCRL
040 _beng
040 _cCRL
041 _2eng
041 _aeng
084 _qCRL
100 _aParmod Kumar
_9374465
245 0 _aDefect-Induced Magnetism in Oxide Semiconductors
260 _bElsevier
260 _c2023
650 _aMaterials Science
856 _uhttps://www.sciencedirect.com/science/book/9780323909075
942 _cEBOOK
999 _c1842984
_d1842984